Guess the 1960s song lyrics #146 - Statistics

General Stats
  • This quiz has been taken 12 times
  • The average score is 238 of 341
Answer Stats
Answer % Correct
a
100%
I
100%
in
100%
th
100%
the
100%
when
100%
and
91%
for
91%
go
91%
I'm
91%
on
91%
to
91%
by
82%
can
82%
How
82%
long
82%
mine
82%
so
82%
this
82%
Workin
82%
workin
82%
coal
73%
up
73%
But
64%
down
64%
just
64%
make
64%
tired
64%
ton
64%
too
64%
Too
64%
Goin
55%
gone
45%
havin
45%
around
36%
fun
36%
Haul
36%
money
36%
mornin
36%
Whoops
36%
about
27%
already
27%
Five
27%
Lord
27%
o'clock
27%
slip
27%
Cause
18%
Lee Dorsey
18%
Oops
18%
rolls
18%
Saturday
18%
lil
9%
No matching quizzes found
Score Distribution
Percent of People with Each Score
Percentile by Number Answered
Your Score History
You have not taken this quiz